|
|
|
|
| LEADER |
02468nam a22003733i 4500 |
| 001 |
EBC6701819 |
| 003 |
MiAaPQ |
| 005 |
20231204023218.0 |
| 006 |
m o d | |
| 007 |
cr cnu|||||||| |
| 008 |
231204s2021 xx o ||||0 ger d |
| 020 |
|
|
|a 9783110718263
|q (electronic bk.)
|
| 035 |
|
|
|a (MiAaPQ)EBC6701819
|
| 035 |
|
|
|a (Au-PeEL)EBL6701819
|
| 035 |
|
|
|a (OCoLC)1264475398
|
| 040 |
|
|
|a MiAaPQ
|b eng
|e rda
|e pn
|c MiAaPQ
|d MiAaPQ
|
| 100 |
1 |
|
|a Sasse, Cristina.
|
| 245 |
1 |
4 |
|a Die Stadt Lesen :
|b Englische Directories Als Wissens- und Orientierungsmedien, 1760-1830.
|
| 250 |
|
|
|a 1st ed.
|
| 264 |
|
1 |
|a Berlin/München/Boston :
|b Walter de Gruyter GmbH,
|c 2021.
|
| 264 |
|
4 |
|c {copy}2021.
|
| 300 |
|
|
|a 1 online resource (438 pages)
|
| 336 |
|
|
|a text
|b txt
|2 rdacontent
|
| 337 |
|
|
|a computer
|b c
|2 rdamedia
|
| 338 |
|
|
|a online resource
|b cr
|2 rdacarrier
|
| 490 |
1 |
|
|a Veröffentlichungen des Deutschen Historischen Instituts London/ Publications of the German Historical Institute London Series ;
|v v.85
|
| 505 |
0 |
|
|a Intro -- Vorwort -- Inhaltsverzeichnis -- I Einleitung -- II Directories als städtische Kommunikationsmedien -- III „Depositories of local knowledge": Directories als Wissensspeicher -- IV „For the ready finding of any person's residence": Die Herstellung von Adressierbarkeit -- V (Spiegel-)Bilder der Stadt: Die kulturelle Orientierung im städtischen Raum -- VI Schlussbetrachtung: Die Stadt lesen - Directories und die Lesbarkeiten des urbanen Raums -- Anhang -- 1 Verzeichnis der provincial directories des Quellenkorpus -- 2 Übersicht: Hausnummern in directories, 1766-1842 -- 3 Quellenverzeichnis -- 4 Literaturverzeichnis -- Abkürzungen -- Abbildungsverzeichnis -- Übersicht der Diagramme -- Abstract -- Register.
|
| 588 |
|
|
|a Description based on publisher supplied metadata and other sources.
|
| 590 |
|
|
|a Electronic reproduction. Ann Arbor, Michigan : ProQuest Ebook Central, 2023. Available via World Wide Web. Access may be limited to ProQuest Ebook Central affiliated libraries.
|
| 655 |
|
4 |
|a Electronic books.
|
| 776 |
0 |
8 |
|i Print version:
|a Sasse, Cristina
|t Die Stadt Lesen
|d Berlin/München/Boston : Walter de Gruyter GmbH,c2021
|
| 797 |
2 |
|
|a ProQuest (Firm)
|
| 830 |
|
0 |
|a Veröffentlichungen des Deutschen Historischen Instituts London/ Publications of the German Historical Institute London Series
|
| 856 |
4 |
0 |
|u https://ebookcentral.proquest.com/lib/matrademy/detail.action?docID=6701819
|z Click to View
|